Province che confinano con la Provincia di Siena - Statistics

Statistiche generali
  • Questo quiz è stato fatto 21 volte
  • Il punteggio medio è 7 su 7
Statistiche sulle risposte
Regione Provincia % Corretto
Toscana Città metropolitana di Firenze
100%
Toscana Provincia di Arezzo
100%
Toscana Provincia di Grosseto
100%
Umbria Provincia di Perugia
100%
Umbria Provincia di Terni
94%
Lazio Provincia di Viterbo
94%
Toscana Provincia di Pisa
83%
Nessun quiz corrispondente trovato
Distribuzione punteggi
Percentuale di utenti per punteggio
Percentile per numero di risposta
I tuoi punteggi nel tempo
Non hai fatto questo quiz